| 000 | 00931nas a2200313 4500 | ||
|---|---|---|---|
| 001 | BR2011001476 | ||
| 003 | BR-BrBNA | ||
| 005 | 20231205114904.0 | ||
| 007 | ta | ||
| 008 | 230509b bl.|||p| |||| 00| 00por d | ||
| 040 |
_aBR-BrBNA _bpor _cBiblioteca Nacional de Agricultura |
||
| 041 | _a(Pt) | ||
| 072 | _aQ04 | ||
| 100 | 1 | _aSouza, J.M.L. de | |
| 100 | 1 | _aNegreiros, J.R. da S. | |
| 100 | 1 | _aÁlvares, V. de S. | |
| 100 | 1 | _aLeite, F.M.N. | |
| 100 | 1 | _aSouza, M.L. de | |
| 100 | 1 | _aReis, F.S. | |
| 100 | 1 | _aFelisberto, F.A.V. | |
| 245 | 1 | _aVariabilidade físico-química da farinha de mandioca | |
| 650 | _aMANDIOCA | ||
| 650 | _aFARINHA | ||
| 650 | _aANÁLISE DE ALIMENTO | ||
| 650 | _aCOMPOSIÇÃO QUÍMICA | ||
| 773 | 0 |
_tCiência e Tecnologia de Alimentos (Brazil) _xISSN 0101-2061 _g(Oct-Dec 2008), v. 28(4) p. 907-912 _wBR2011001476 |
|
| 909 |
_a202311 _bLúcia _c55 _dLúcia Elande |
||
| 942 |
_2AGRIS _n0 _cANA |
||
| 999 |
_c211040 _d211040 |
||